[Event "JUG-ch"]
[Site "Banja Vrucica"]
[Date "1991.??.??"]
[Round "?"]
[White "Antic, Dejan"]
[Black "Maric, Dragan"]
[Result "1/2-1/2"]
[WhiteElo "2390"]
[BlackElo "2325"]

1.d4 Nf6 2.c4 e6 3.Nf3 Bb4+ 4.Bd2 c5 5.Bxb4 cxb4 6.a3 bxa3 7.Nxa3 O-O 8.g3 d6
9.Bg2 Nc6 10.O-O e5 11.Qd2 Bg4 12.Nc2 e4 13.Ng5 Re8 14.Ne3 h6 15.Nxg4 hxg5
16.Nxf6+ Qxf6 17.e3 g4 18.h3 gxh3 19.Bxh3 Nd8 20.d5 g6 21.Qd4 Qxd4 22.exd4 f5
23.f4 Kg7 24.g4 Kf6 25.Kf2 a6 26.Ke3 Rc8 27.b3 Nf7 28.g5+ Ke7 29.Rh1 Rh8
30.Bg2 Rxh1 31.Rxh1 Rh8 32.Rxh8 Nxh8 33.b4 Kd7 34.c5 Kc7 35.Bxe4 fxe4 36.Kxe4 b6
37.f5 bxc5 38.dxc5 dxc5 39.bxc5 a5 40.fxg6 Nxg6 41.Kd4 a4 42.Kc4 Nf4 43.Kb4 Nxd5+
44.Kxa4 Kc6 45.g6 Kxc5 46.g7 Ne7 47.g8=N Nxg8  1/2-1/2

[Event "Beijing op"]
[Site "Beijing"]
[Date "1991.??.??"]
[Round "1"]
[White "Novikov, Igor A"]
[Black "Lee Wang Sheng"]
[Result "1-0"]
[WhiteElo "2545"]
[BlackElo "2320"]

1.d4 Nf6 2.c4 e6 3.Nf3 Bb4+ 4.Bd2 Qe7 5.g3 Nc6 6.Nc3 d5 7.a3 Bxc3 8.Bxc3 Ne4
9.Qc2 a5 10.Bg2 Nxc3 11.Qxc3 O-O 12.O-O Rd8 13.Rac1 Bd7 14.Rfd1 Be8 15.e3 a4
16.Ne1 Qd6 17.Nd3 Rdc8 18.cxd5 exd5 19.Qc5 Ne7 20.Qxd6 cxd6 21.Nb4 Rxc1 22.Rxc1 Bc6
23.Bf3 Kf8 24.Kg2 Ke8 25.h4 Kd8 26.g4 Ra5 27.Kg3 Kc7 28.g5 Kb6 29.h5 Bd7
30.Na2 Ra8 31.Nc3 Bc6 32.Be2 Re8 33.Bd1 Ka5 34.Bxa4 Bxa4 35.b4+ Ka6 36.Nxa4 b5
37.Nb2 Kb6 38.Nd3 Ra8 39.Rc3 Kb7 40.Nf4 Ra7 41.g6 hxg6 42.hxg6 fxg6 43.Kg4 Ra8
44.Kg5 Rf8 45.Rc7+ Kxc7 46.Ne6+ Kd7 47.Nxf8+ Ke8 48.Nxg6 Nc8 49.Nf4 Nb6 50.Kg6 Kf8
51.Ne6+ Ke7 52.Nc7  1-0

[Event "Belgrade op"]
[Site "Belgrade"]
[Date "1991.??.??"]
[Round "?"]
[White "Lalev, Dimitar"]
[Black "Vukanovic, Sasa"]
[Result "1/2-1/2"]
[WhiteElo "2420"]
[BlackElo "2255"]

1.d4 Nf6 2.c4 e6 3.Nf3 Bb4+ 4.Bd2 c5 5.Bxb4 cxb4 6.g3 O-O 7.Bg2 d6 8.O-O Nc6
9.Nbd2 e5 10.d5 Nb8 11.Ne1 Na6 12.Nd3 Qb6 13.Qb3 Bg4 14.Rfe1 Nd7 15.a3 Nac5
16.Nxc5 Qxc5 17.Ne4  1/2-1/2

[Event "Berliner Sommer"]
[Site "Berlin"]
[Date "1991.??.??"]
[Round "?"]
[White "Dautov, Rustem"]
[Black "Hobuss, Udo"]
[Result "1-0"]
[WhiteElo "2595"]
[BlackElo "2380"]

1.d4 Nf6 2.c4 e6 3.Nf3 Bb4+ 4.Bd2 a5 5.g3 d6 6.Bg2 Nbd7 7.O-O e5 8.Nc3 O-O
9.Qc2 Re8 10.e4 exd4 11.Nxd4 Ne5 12.b3 a4 13.h3 c5 14.Ndb5 Qa5 15.a3 axb3
16.Qxb3 Bxc3 17.Bxc3 Qb6 18.Rfd1 Rd8 19.f4 Nc6 20.Bxf6 gxf6 21.Qc3 Kg7 22.Rd5 Nd4
23.Nxd4 cxd4 24.Qxd4 Qxd4+ 25.Rxd4 Be6 26.a4 Ra5 27.f5 Bc8 28.g4 Rd7 29.Bf1 Kf8
30.Kf2 Ke7 31.Rd5 Ra7 32.c5 dxc5 33.Rxc5 Kd8 34.Rac1 Ra8 35.Bb5 Rd4 36.Ke3 Rd6
37.g5 Bd7 38.gxf6 Bxb5 39.axb5 Rxf6 40.Rd5+ Ke8 41.Rc7 Ra3+ 42.Kf4 Rxh3 43.Rc8+ Ke7
44.e5 Rb6 45.Rcd8  1-0

[Event "Biel op (Women)"]
[Site "Biel"]
[Date "1991.??.??"]
[Round "1"]
[White "Gerlach, Manuela"]
[Black "Voiska, Margarita"]
[Result "1-0"]
[WhiteElo "2075"]
[BlackElo "2350"]

1.d4 Nf6 2.Nf3 e6 3.c4 Bb4+ 4.Bd2 a5 5.Qc2 d5 6.e3 c6 7.Bd3 Nbd7 8.O-O O-O
9.Nc3 b6 10.Rac1 Bb7 11.a3 Bd6 12.e4 dxe4 13.Nxe4 Nxe4 14.Bxe4 Nf6 15.Bg5 h6
16.Bh4 g5 17.Bg3 Bxg3 18.hxg3 g4 19.Nh2 Qxd4 20.Rfe1 Rad8 21.Rcd1 Qc5 22.Bd3 Rd4
23.Qc1 Kg7 24.Qc3 Rfd8 25.b4 axb4 26.axb4 Qd6 27.Bc2 c5 28.b5 Ne4 29.Bxe4 Bxe4
30.Rxe4 f5 31.Re3 e5 32.Ra1 Kf6 33.Nf1 Qe6 34.Rc1 h5 35.Re2 Rh8 36.Ne3 h4
37.Nd5+ Kf7 38.Ra2 hxg3 39.fxg3 Qh6 40.Ra7+ Ke6 41.Qe3 f4 42.Re7+  1-0

[Event "Bled op"]
[Site "Bled"]
[Date "1991.??.??"]
[Round "?"]
[White "Gostisa, Leon"]
[Black "Landa, Konstantin"]
[Result "1-0"]
[WhiteElo "2440"]
[BlackElo "2460"]

1.d4 Nf6 2.Nf3 e6 3.c4 Bb4+ 4.Bd2 c5 5.Bxb4 cxb4 6.a3 bxa3 7.Nxa3 O-O 8.g3 d6
9.Bg2 Nc6 10.Nb5 Qb6 11.O-O e5 12.Qd2 a5 13.Rac1 Bg4 14.Nxd6 Bxf3 15.c5 Qc7
16.dxe5 Nxe5 17.exf3 Rfd8 18.Rfd1 Nc6 19.f4 Rd7 20.Bh3 Rdd8 21.Qe3 Rab8 22.Bg2 Kf8
23.Qf3 Rd7 24.Re1 Nb4 25.g4 Nc6 26.g5 Ne8 27.Qe4 Nxd6 28.Qxh7 Ne7 29.Rxe7  1-0

[Event "Borsodtavho"]
[Site "Borsodtavho"]
[Date "1991.??.??"]
[Round "4"]
[White "Lukacs, Peter"]
[Black "Sjoberg, Mats"]
[Result "1-0"]
[WhiteElo "2460"]
[BlackElo "2360"]

1.d4 Nf6 2.c4 e6 3.Nf3 Bb4+ 4.Bd2 Qe7 5.g3 Nc6 6.Nc3 O-O 7.Bg2 a5 8.O-O d6
9.d5 Nb8 10.Qc2 Na6 11.a3 Bxc3 12.Bxc3 Nc5 13.dxe6 Qxe6 14.b4 Nce4 15.Bb2 Re8
16.Nd4 Qe7 17.f3 Ng5 18.h4 Ne6 19.Nf5 Qd8 20.e4 Nf8 21.Ne3 axb4 22.axb4 Rxa1
23.Bxa1 Nh5 24.Qb2 c6 25.g4 Nf6 26.Rd1 Qb6 27.Qc3 Rd8 28.Rxd6 Rxd6 29.c5 Qd8
30.cxd6 Ne8 31.e5 Qxh4 32.Nf5 Bxf5 33.gxf5 Qg5 34.Qc2 Qe3+ 35.Kf1 h5 36.Bb2 h4
37.Qe2 Qb3 38.Qd2 h3 39.Bh1 Qc4+ 40.Kg1 Qa2 41.Qc2 f6 42.f4 Qa7+ 43.Qf2 h2+
44.Kg2 Qa2 45.Qc2 Qf7 46.e6 Nxe6 47.fxe6 Qxe6 48.Kxh2 Nxd6 49.Bd4 Qg4 50.Qb3+ Kf8
51.Qf3 Qh4+ 52.Kg2 Nf5 53.Bf2 Qh7 54.Qb3 Qg6+ 55.Kf1 Qh6 56.Bc5+ Ne7 57.Qf3 Kf7
58.Kg1 Nd5 59.Qg4 Nxf4 60.Qd7+ Kg8 61.Qc8+ Kh7 62.Be4+ Ng6 63.Qg4 Qc1+ 64.Kg2 Qd2+
65.Bf2 Qg5 66.Kf3 Kh6 67.Qh3+ Qh5+ 68.Qxh5+ Kxh5 69.Bc2 Nh4+ 70.Ke4 g5 71.Kd4 Kg4
72.Kc5 f5 73.Kb6 f4 74.Kxb7 Kf3 75.Bc5 Ke2 76.Kxc6 f3 77.b5 g4 78.b6  1-0

[Event "Brocco op"]
[Site "Brocco"]
[Date "1991.??.??"]
[Round "3"]
[White "Gheorghiu, Florin"]
[Black "King, Daniel J"]
[Result "1/2-1/2"]
[WhiteElo "2495"]
[BlackElo "2545"]

1.d4 Nf6 2.c4 e6 3.Nf3 Bb4+ 4.Bd2 Qe7 5.g3 Nc6 6.Nc3 d5 7.cxd5 exd5 8.Bg5 h6
9.Bxf6 Qxf6 10.Bg2 O-O 11.O-O Rd8 12.Rc1 Bg4 13.e3 Ne7 14.h3 Bxf3  1/2-1/2

[Event "Brocco op"]
[Site "Brocco"]
[Date "1991.??.??"]
[Round "4"]
[White "Van der Sterren, Paul"]
[Black "Petursson, Margeir"]
[Result "1/2-1/2"]
[WhiteElo "2475"]
[BlackElo "2515"]

1.d4 Nf6 2.c4 e6 3.Nf3 Bb4+ 4.Bd2 c5 5.Bxb4 cxb4 6.g3 O-O 7.Bg2 d6 8.O-O Re8
9.a3 Nc6 10.axb4 Nxb4 11.Nc3 Bd7 12.Qb3 a5 13.Rfd1 Rc8 14.Rac1 Qc7 15.Na2 Na6
16.Ng5 Bc6 17.Nc3 Bxg2 18.Nb5 Qb6 19.Kxg2 Nc7 20.Qa4 Nxb5 21.Qxb5 Qxb5 22.cxb5 Kf8
23.Nf3 Ne4 24.Ne1 Ke7 25.f3 Nf6 26.Nd3 Nd5 27.Kf2 Red8 28.Ra1 b6 29.Rdc1 Kd7
30.b4 Rxc1 31.Rxc1 a4 32.Ra1 Ra8 33.Nb2 Nc3 34.Ra3 Nxb5 35.Rxa4 Rc8 36.Ke3 Rc2
37.Nd3 Rxe2+ 38.Kxe2 Nc3+ 39.Kd2 Nxa4 40.b5 e5 41.dxe5 Ke6 42.exd6 Kxd6 43.g4 Nc5
44.Nf4 Ne6 45.Nh5 Kc5 46.f4 g6 47.Nf6 Nf8 48.Ne4+ Kd4 49.Nd6 f6 50.Ne8 Nd7
51.g5 f5 52.Nf6 Nf8 53.h4 Ne6 54.Nxh7 Nxf4 55.Nf6 Kc5 56.Nd7+ Kxb5 57.Ke3 Ne6
58.Ne5 Nf8 59.h5 gxh5 60.Kf4 h4 61.Kxf5 h3 62.Nf3 Kc4 63.Kg4 b5 64.Kxh3 Kc3
65.Kg3 b4 66.Kf2 b3 67.Ke3 b2 68.Nd2 Ng6 69.Ke2 Nf4+ 70.Ke3 Ng2+ 71.Ke2 Nh4
72.Nb1+ Kc2 73.Nd2 Nf3 74.Nc4  1/2-1/2

[Event "Brocco op"]
[Site "Brocco"]
[Date "1991.??.??"]
[Round "6"]
[White "Chernin, Alexander"]
[Black "Klinger, Josef"]
[Result "1-0"]
[WhiteElo "2610"]
[BlackElo "2470"]

1.d4 e6 2.c4 Nf6 3.Nf3 Bb4+ 4.Bd2 Qe7 5.Nc3 O-O 6.Qc2 c5 7.a3 Bxc3 8.Bxc3 cxd4
9.Nxd4 Na6 10.g3 d5 11.cxd5 Nxd5 12.Bg2 e5 13.Nb3 Nxc3 14.Qxc3 f6 15.Na5 Rb8
16.b4 Be6 17.O-O Rbc8 18.Qd3 Rc7 19.Rac1 Rfc8 20.Rxc7 Rxc7 21.Nxb7 Rxb7 22.Qxa6 Rc7
23.Rd1 h5 24.h4 e4 25.Bxe4 Bc4 26.Qd6 Bxe2 27.Qd5+ Kf8 28.Bh7 Qf7 29.Qa8+  1-0

[Event "Budapest"]
[Site "Budapest"]
[Date "1991.??.??"]
[Round "1"]
[White "Lukacs, Peter"]
[Black "Schmittdiel, Eckhard"]
[Result "1/2-1/2"]
[WhiteElo "2460"]
[BlackElo "2485"]

1.d4 Nf6 2.c4 e6 3.Nf3 Bb4+ 4.Bd2 c5 5.Bxb4 cxb4 6.g3 O-O 7.Bg2 d6 8.O-O Qc7
9.Qb3 a5 10.a3 Na6 11.Nbd2 b6 12.e4 e5 13.Rfe1 Bb7 14.a4 Rad8 15.Rad1 Rfe8
16.Qc2 Nb8 17.b3  1/2-1/2

[Event "Elekes mem"]
[Site "Budapest"]
[Date "1991.??.??"]
[Round "1"]
[White "Stern, Rene"]
[Black "Foldi, Istvan"]
[Result "1/2-1/2"]
[WhiteElo "2370"]
[BlackElo "2320"]

1.d4 Nf6 2.c4 e6 3.Nf3 Bb4+ 4.Bd2 c5 5.Bxb4 cxb4 6.g3 b6 7.Bg2 Bb7 8.O-O O-O
9.a3 bxa3 10.Rxa3 Qe7 11.Nbd2 d6 12.h3 Nc6 13.Qb3 Rac8 14.Qb5 Ba8 15.b4  1/2-1/2

[Event "Zeus (Women)"]
[Site "Budapest"]
[Date "1991.??.??"]
[Round "2"]
[White "Horvath, Julia"]
[Black "Voiska, Margarita"]
[Result "0-1"]
[WhiteElo "2235"]
[BlackElo "2335"]

1.d4 Nf6 2.c4 e6 3.Nf3 Bb4+ 4.Bd2 a5 5.g3 d5 6.Bg2 dxc4 7.O-O Nc6 8.a3 Bxd2
9.Qxd2 Rb8 10.a4 b6 11.Na3 Ba6 12.Rac1 Ne4 13.Qf4 Nd6 14.Ne5 Ne7 15.Bc6+ Nxc6
16.Nxc6 Qc8 17.Nxb8 Qxb8 18.e4 c3 19.Rfe1 cxb2 20.Rb1 O-O 21.Rxb2 Qe8 22.Nb5 Bxb5
23.e5 Nc4 24.Rxb5 Na3 25.Rb2 Qxa4 26.Ra1 b5 27.Qc1 c6 28.Qc5 b4 29.Qd6 h6
30.h4 Rc8 31.Qd7 Rb8 32.Qd6 Rc8 33.Qd7 Rb8 34.d5 exd5 35.e6 fxe6 36.Qxe6+ Kh8
37.Qf7 b3 38.Qc7 Rf8 39.Qb6 Nc4 40.Rxa4 Nxb6 41.Rg4 a4 42.Rb4 Nc4 43.Re2 Ra8
44.Re1 b2  0-1

[Event "Spring op"]
[Site "Budapest"]
[Date "1991.??.??"]
[Round "4"]
[White "Titov, German"]
[Black "Krumpacnik, Domen"]
[Result "1-0"]
[WhiteElo "2480"]
[BlackElo "2400"]

1.Nf3 Nf6 2.c4 e6 3.d4 Bb4+ 4.Bd2 Qe7 5.g3 O-O 6.Bg2 Bxd2+ 7.Qxd2 d6 8.Nc3 e5
9.O-O c6 10.e4 Bg4 11.Nh4 Na6 12.h3 Be6 13.b3 Nc7 14.Nf3 exd4 15.Nxd4 a6
16.Rad1 Rad8 17.Rfe1 Qd7 18.Kh2 c5 19.Nc2 b5 20.Ne3 Rfe8 21.f4 Qe7 22.Nf5 Bxf5
23.exf5 Qd7 24.Rxe8+ Nfxe8 25.Ne4 bxc4 26.Nxc5 Qb5 27.Nb7 Rb8 28.bxc4 Qxc4
29.Nxd6 Nxd6 30.Qxd6 h5 31.Rd2 h4 32.g4 Re8 33.Qd4 Qc1 34.Qf2 Nb5 35.g5 Nc3
36.g6 Nd1 37.Qe1  1-0

[Event "Spring op"]
[Site "Budapest"]
[Date "1991.??.??"]
[Round "5"]
[White "Naumkin, Igor"]
[Black "Stepanov, Pavel"]
[Result "0-1"]
[WhiteElo "2505"]
[BlackElo "2345"]

1.d4 Nf6 2.c4 e6 3.Nf3 Bb4+ 4.Bd2 c5 5.Bxb4 cxb4 6.g3 O-O 7.Bg2 d6 8.O-O Nc6
9.Nbd2 e5 10.d5 Nb8 11.a3 Na6 12.Ne1 Qb6 13.Nd3 Bg4 14.Kh1 Nc5 15.Nxc5 Qxc5
16.axb4 Qxb4 17.f3 Bd7 18.b3 a5 19.e4 b5 20.f4 Rfe8 21.f5 a4 22.Rb1 a3 23.Bf3 a2
24.Ra1 Reb8 25.g4 bxc4 26.bxc4 h6 27.h4 Qc3 28.g5 hxg5 29.hxg5 Nh7 30.g6 fxg6
31.fxg6 Nf6 32.Qe1 Rb2 33.Rf2 Rb1  0-1

[Event "Spring op"]
[Site "Budapest"]
[Date "1991.??.??"]
[Round "5"]
[White "Agrest, Evgenij"]
[Black "Titov, German"]
[Result "1/2-1/2"]
[WhiteElo "2475"]
[BlackElo "2480"]

1.Nf3 e6 2.d4 Nf6 3.c4 Bb4+ 4.Bd2 Qe7 5.g3 Nc6 6.Bg2 Bxd2+ 7.Nbxd2 d6 8.O-O e5
9.d5 Nb8 10.e4 a5 11.Qc2  1/2-1/2

[Event "Spring op"]
[Site "Budapest"]
[Date "1991.??.??"]
[Round "6"]
[White "Mowsziszian, Karen"]
[Black "Kholmov, Ratmir D"]
[Result "1/2-1/2"]
[WhiteElo "2395"]
[BlackElo "2445"]

1.d4 Nf6 2.c4 e6 3.Nf3 Bb4+ 4.Bd2 Bxd2+ 5.Qxd2 d5 6.Nc3 O-O 7.e3 Qe7 8.cxd5 exd5
9.Bd3 c5 10.O-O Nc6 11.dxc5 Qxc5 12.Rac1 Qe7 13.Bb1 Rd8 14.Nd4 Ne5 15.h3 Bd7
16.Rfd1 Rac8 17.a3 g6 18.Ba2 Be6 19.Qe2 Nc6 20.Rc2 Kg7 21.Rcd2 Qe8 22.Qb5 Rd7
23.Nde2 Ne7 24.Nf4 a6 25.Qb6 Rc6 26.Qa5 Qc8 27.e4 dxe4 28.Bxe6 fxe6 29.Rxd7 Nxd7
30.Nxe4 e5 31.Qd2 Nf6 32.Nxf6 Rxf6 33.Nd3 Nc6 34.Qe3 Qf5 35.Re1 Nd4 36.Qe4 Qxe4
37.Rxe4 Nc6 38.Nxe5 Re6 39.f4 Nxe5 40.fxe5 Kf7 41.Kf2 Rb6 42.b4 Ke6 43.Ke3 Rb5
44.Kf4 h6 45.h4 Rd5 46.a4 b5 47.a5 Rd2 48.Kf3 Rd3+ 49.Ke2 Rd5 50.Ke3 Rd1
51.Rg4 Kf5 52.Rd4 Re1+ 53.Kf2 Rxe5  1/2-1/2

[Event "Zeus (Women)"]
[Site "Budapest"]
[Date "1991.??.??"]
[Round "8"]
[White "Horvath, Julia"]
[Black "Grabics, Monika"]
[Result "1/2-1/2"]
[WhiteElo "2235"]
[BlackElo "2115"]

1.d4 Nf6 2.c4 e6 3.Nf3 Bb4+ 4.Bd2 Qe7 5.g3 Nc6 6.Bg2 Bxd2+ 7.Nbxd2 d6 8.O-O O-O
9.e4 e5 10.d5 Nb8 11.b4 a5 12.a3 Na6 13.Qb3 Bg4 14.Rac1 c6 15.h3 Bxf3 16.Bxf3 axb4
17.axb4 c5 18.b5 Nb4 19.Ra1 Nd7 20.Bg2 Nb6 21.Rfd1 Kh8 22.Nf1 g6 23.Ne3 f5
24.exf5 gxf5 25.Rxa8 Nxa8 26.Nc2 Nxc2 27.Qxc2 Nb6 28.Ra1 f4 29.Ra3 Qf6 30.Be4 fxg3
31.Rxg3 Nxc4 32.Bxh7 Nb6 33.Be4 Rg8 34.Qe2 Qf7 35.Rxg8+ Qxg8+ 36.Kf1 Qg5
37.Qf3 Qh6 38.Qf5 Kg7 39.Qg4+ Kh8 40.h4 c4 41.h5 Qc1+ 42.Kg2 Qh6 43.Qh4 Qf8
44.Kg1 Nd7 45.Qg4 Nc5 46.Bg2 c3 47.Qg6 Qe7 48.Qh6+ Kg8 49.Qg6+ Kh8 50.Qh6+ Kg8
51.Qg6+ Kh8  1/2-1/2

[Event "Cansys IM-B"]
[Site "Budapest"]
[Date "1991.??.??"]
[Round "10"]
[White "Jakob, Simon"]
[Black "Schneider, Attila"]
[Result "1/2-1/2"]
[WhiteElo "2230"]
[BlackElo "2385"]

1.d4 Nf6 2.c4 e6 3.Nf3 Bb4+ 4.Bd2 Bxd2+ 5.Qxd2 O-O 6.Nc3 d5 7.cxd5 exd5 8.e3 c6
9.Bd3 Qe7 10.Qc2 Nbd7 11.O-O Rd8 12.Rfc1 Nf8 13.Rab1 Rd6 14.b4 Ng4 15.e4 dxe4
16.Nxe4 Rh6 17.Ng3 Qd8 18.b5 Bd7 19.h3 Nf6 20.Ne5 Nd5 21.Bf5 Be8 22.bxc6 Bxc6
23.Qb3 Ne6 24.Nxc6 bxc6 25.Bxe6 Rxe6  1/2-1/2

[Event "Burgas"]
[Site "Burgas"]
[Date "1991.??.??"]
[Round "5"]
[White "Lalev, Dimitar"]
[Black "Raicevic, Ivica"]
[Result "0-1"]
[WhiteElo "2425"]
[BlackElo "2290"]

1.d4 Nf6 2.c4 e6 3.Nf3 Bb4+ 4.Bd2 a5 5.g3 O-O 6.Bg2 b6 7.Ne5 c6 8.O-O d5
9.Bg5 Be7 10.Nc3 Ba6 11.cxd5 cxd5 12.Re1 Nfd7 13.Bxe7 Qxe7 14.e4 Nxe5 15.dxe5 dxe4
16.Nxe4 Nd7 17.Qd4 Rad8 18.Rad1 Qb4 19.f4 Qxd4+ 20.Rxd4 Nc5 21.Red1 Rxd4
22.Rxd4 Nxe4 23.Bxe4 Rb8 24.Kf2 Kf8 25.Ke3 Ke7 26.Rd6 Bf1 27.h4 h5 28.Rc6 Kd7
29.f5 exf5 30.Rd6+ Ke7 31.Bxf5 Bb5 32.Kf4 Be8 33.a3 b5 34.Ra6 a4 35.Ra7+ Kf8
36.Be4 b4 37.Ra8 Rb6 38.Bc2 bxa3 39.bxa3 Ke7 40.Bxa4 Bxa4 41.Rxa4 Rb1 42.Rb4 Rf1+
43.Ke4 Re1+ 44.Kd5 Re3 45.a4 Rxg3 46.Kc6 Rg4 47.Rb7+ Ke6 48.a5 Rxh4 49.Rb5 Ra4
50.Kb7 h4 51.a6 g5 52.a7 Rxa7+ 53.Kxa7 h3 54.Rb6+ Kxe5 55.Rh6 g4 56.Kb6 f5
57.Rh4 Kf4 58.Kc6 Kg3 59.Rh5 f4  0-1

[Event "Cacak"]
[Site "Cacak"]
[Date "1991.??.??"]
[Round "10"]
[White "Chatalbashev, Boris"]
[Black "Pavlovic, Milos"]
[Result "0-1"]
[WhiteElo "2385"]
[BlackElo "2480"]

1.d4 Nf6 2.Nf3 e6 3.c4 Bb4+ 4.Bd2 Qe7 5.g3 Nc6 6.Bg2 Bxd2+ 7.Nbxd2 O-O 8.O-O d6
9.e4 e5 10.d5 Nb8 11.Ne1 a5 12.Nd3 Na6 13.a3 Bg4 14.f3 Bd7 15.b4 c6 16.Qb3 cxd5
17.cxd5 axb4 18.axb4 Bb5 19.Nc4 Qc7 20.Rfc1 Rfc8 21.Ndb2 h5 22.Bh3 Bd7 23.Bxd7 Nxd7
24.Nd3 Qb8 25.Kg2 Rc7 26.Qa3 b5 27.Na5 Nb6 28.Rxc7 Nxc7 29.Qc3 Nc4 30.Rc1 g6
31.Nxc4 bxc4 32.Qxc4 Nb5 33.f4 Nd4 34.fxe5 dxe5 35.Rd1 h4 36.Nxe5 Qxe5 37.Qxd4 Ra2+
38.Kg1 Qg5 39.Qd3 Qf6 40.Rd2 Ra1+ 41.Kg2 hxg3 42.h3 Qf4 43.d6 Rd1  0-1

[Event "Cappelle op"]
[Site "Cappelle la Grande"]
[Date "1991.??.??"]
[Round "2"]
[White "Monnard, Laurent"]
[Black "Arkell, Keith C"]
[Result "0-1"]
[WhiteElo "2290"]
[BlackElo "2450"]

1.d4 Nf6 2.Nf3 e6 3.c4 Bb4+ 4.Bd2 Qe7 5.a3 Bxd2+ 6.Nbxd2 d6 7.e4 e5 8.d5 Bg4
9.Be2 a5 10.b3 Na6 11.O-O Bxf3 12.Bxf3 O-O 13.Qe2 c6 14.Rfc1 Rfc8 15.Qe3 Qc7
16.Nf1 Nc5 17.dxc6 bxc6 18.b4 Ne6 19.Ng3 Rcb8 20.Rab1 axb4 21.axb4 Ra4 22.b5 g6
23.Be2 Nd4 24.Bf1 Kg7 25.h3 Rba8 26.Kh2 Ra2 27.f3 R8a3 28.b6 Qxb6 29.Qxa3 Qxb1
30.Rxb1 Rxa3 31.Rb8 Ra2 32.Kg1 Rd2 33.Rd8 h5 34.Nh1 h4 35.Nf2 Nh5 36.Nd3 Ng3
37.Nf2 Ra2 38.Bd3 Nge2+ 39.Bxe2 Nxe2+ 40.Kf1 Ng3+  0-1

[Event "Cetinje (Women)"]
[Site "Cetinje"]
[Date "1991.??.??"]
[Round "1"]
[White "Csonkics, Tunde"]
[Black "Kachiani Gersinska, Ketino"]
[Result "1-0"]
[WhiteElo "2320"]
[BlackElo "2345"]

1.d4 Nf6 2.c4 e6 3.Nf3 Bb4+ 4.Bd2 a5 5.g3 b6 6.Bg2 Ba6 7.Qc2 O-O 8.O-O c5
9.Bg5 cxd4 10.Bxf6 Qxf6 11.Ng5 Qxg5 12.Bxa8 Rc8 13.a3 Be7 14.Bf3 Nc6 15.Bxc6 Rxc6
16.Nd2 h5 17.Rac1 h4 18.Nf3 Qf6 19.Qe4 Bxc4 20.Nxd4 Rc5 21.Rfd1 hxg3 22.hxg3 Qh6
23.Nf5 Rxf5 24.Rxc4 d5 25.Rc8+ Kh7 26.Rxd5 g6 27.Rxf5 gxf5 28.Qd4 Bf6 29.Qxb6 Qd2
30.Qb7 Kg7 31.Rc7 Qe1+ 32.Kg2 Qxe2 33.Rxf7+ Kg6 34.Rh7 Bxb2 35.Qf7+ Kg5 36.Qg8+ Kf6
37.Qg7+  1-0

[Event "JUG-chT Cetinje"]
[Site "Cetinje"]
[Date "1991.??.??"]
[Round "7"]
[White "Maksimovic, Branimir"]
[Black "Pajkovic, Vladimir"]
[Result "1/2-1/2"]
[WhiteElo "2380"]
[BlackElo "2415"]

1.d4 Nf6 2.c4 e6 3.Nf3 Bb4+ 4.Bd2 a5 5.Nc3 O-O 6.Qc2 d5 7.e3 Nc6 8.a3 Bxc3
9.Bxc3 Ne4 10.Bd3 f5 11.O-O Bd7 12.b4 Be8 13.cxd5 exd5 14.b5 Nb8 15.Ne5 Nd7
16.Rfc1 Nxe5 17.dxe5 c5 18.bxc6 Bxc6 19.Bd4 f4 20.f3 Ng5 21.Bc5 fxe3 22.Bxf8 Qxf8
23.h4 Ne6 24.Bxh7+ Kh8 25.Qf5 Nd4 26.Qxf8+ Rxf8 27.Bd3 Nb3 28.Rab1 Nxc1 29.Rxc1 Rf4
30.Re1 d4 31.h5 Kg8 32.Rc1 Kf8 33.Rc5 Ke7 34.Rxa5 Rh4 35.e6 b5 36.a4 Rxh5
37.axb5 Be8 38.Ra7+ Kxe6 39.b6 Bc6 40.b7 Rh8 41.Ra6 Kd7 42.Rb6 Kc7 43.Rb4 Rd8
44.b8=Q+ Rxb8 45.Rxd4 Rb2 46.Rg4 Rd2 47.Bc4 Rd1+ 48.Kh2 Rd7 49.Kg3 Kb6 50.Rg5 Rd4  1/2-1/2

[Event "POL-ch"]
[Site "Cetniewo"]
[Date "1991.??.??"]
[Round "13"]
[White "Skalik, Przemyslaw"]
[Black "Jaracz, Pawel"]
[Result "1/2-1/2"]
[WhiteElo "2415"]
[BlackElo "2300"]

1.d4 Nf6 2.c4 e6 3.Nf3 Bb4+ 4.Bd2 c5 5.g3 Bxd2+ 6.Qxd2 Ne4 7.Qc2 Qa5+ 8.Nbd2 Nxd2
9.Qxd2 Qxd2+ 10.Kxd2 cxd4 11.Nxd4 d6 12.Bg2 Ke7 13.Rhd1 Nd7 14.Rac1 Rd8  1/2-1/2

[Event "Cheliabinsk-A"]
[Site "Cheliabinsk"]
[Date "1991.??.??"]
[Round "?"]
[White "Magerramov, Elmar"]
[Black "Ulibin, Mikhail"]
[Result "1/2-1/2"]
[WhiteElo "2560"]
[BlackElo "2565"]

1.d4 Nf6 2.c4 e6 3.Nf3 Bb4+ 4.Bd2 Qe7 5.g3 Nc6 6.Bg2 Bxd2+ 7.Qxd2 Ne4 8.Qc2 Qb4+
9.Nc3 Nxc3 10.Qxc3 Qxc3+ 11.bxc3 b6 12.Ne5 Bb7 13.Nxc6 Bxc6 14.Bxc6 dxc6
15.e3  1/2-1/2

[Event "ITA-ch"]
[Site "Chianciano Terme"]
[Date "1991.??.??"]
[Round "?"]
[White "Tatai, Stefano"]
[Black "Vezzosi, Paolo"]
[Result "1/2-1/2"]
[WhiteElo "2410"]
[BlackElo "2325"]

1.d4 Nf6 2.c4 e6 3.Nf3 Bb4+ 4.Bd2 Qe7 5.g3 Nc6 6.Nc3 d5 7.a3 Bxc3 8.Bxc3 dxc4
9.Qa4 Nd5 10.Qxc4 Nxc3 11.Qxc3 O-O 12.Bg2 Qd6 13.Rc1 Bd7 14.O-O Rfc8 15.Rfd1 Ne7
16.Ne5 Nd5 17.Qb3 Rab8 18.Nd3 Nf6 19.e4 Qb6 20.Qc2 Be8 21.Nc5 Rd8 22.b4 a5
23.Rb1 axb4 24.axb4 Bb5 25.Rbc1 Ra8 26.Qb2 h6 27.Rd2 c6 28.Rdd1  1/2-1/2

[Event "Capablanca mem-C"]
[Site "Cienfuegos"]
[Date "1991.??.??"]
[Round "7"]
[White "Moran, Augusto"]
[Black "Gonzalez, JC."]
[Result "0-1"]
[WhiteElo "2405"]
[BlackElo "2375"]

1.d4 Nf6 2.c4 e6 3.Nf3 Bb4+ 4.Bd2 Qe7 5.g3 Nc6 6.Bg2 Bxd2+ 7.Nbxd2 d6 8.O-O a5
9.e4 e5 10.d5 Nb8 11.b3 Bg4 12.a3 Na6 13.Qc2 O-O 14.Rab1 c6 15.b4 axb4 16.axb4 c5
17.b5 Nb4 18.Qc3 Bxf3 19.Bxf3 Na2 20.Qb2 Ra7 21.Ra1 Rfa8 22.Bd1 Nb4 23.Bb3 Qd8
24.Rxa7 Rxa7 25.Ra1 Qa8 26.Rxa7 Qxa7 27.f3 h5 28.h4 Nd7 29.Kf1 Nf6 30.Nb1 Qa8
31.Kg2  0-1

[Event "Capablanca mem-C"]
[Site "Cienfuegos"]
[Date "1991.??.??"]
[Round "11"]
[White "Rivera, Alberto"]
[Black "Gonzalez, JC."]
[Result "1-0"]
[WhiteElo "2335"]
[BlackElo "2375"]

1.d4 Nf6 2.Nf3 e6 3.c4 Bb4+ 4.Bd2 c5 5.Bxb4 cxb4 6.Nbd2 O-O 7.e3 d6 8.Be2 Re8
9.O-O e5 10.dxe5 dxe5 11.Ng5 Nc6 12.c5 e4 13.Bc4 Ne5 14.Qb3 Nxc4 15.Nxc4 Qd5
16.Nd6 Qxb3 17.axb3 Re5 18.Ngxf7 Rxc5 19.h3 Be6 20.Nxb7 Rc2 21.Nfd6 Bxb3
22.Rac1 Rxc1 23.Rxc1 Bd5 24.Rc7 Bxb7 25.Rxb7 a5 26.g4 h6 27.Nf5 Ne8 28.Kg2 Kf8
29.Kg3 Rc8 30.Ra7 Rc2 31.b3 Ra2 32.Nd4 Kg8 33.Nc6 Ra3 34.Rxa5 Rxb3 35.Rb5 Nf6
36.Rxb4 Rxb4 37.Nxb4 g5 38.Nc6 Kf7 39.h4 gxh4+ 40.Kxh4 Nd5 41.Nd4 Kg6 42.Nf5 Nc3
43.Ng3 Kf6 44.Kh5 Nd1 45.Nh1  1-0

[Event "Politicen Cup"]
[Site "Copenhagen"]
[Date "1991.??.??"]
[Round "?"]
[White "Barbero, Gerardo F"]
[Black "Johansson, Lars Erik"]
[Result "1/2-1/2"]
[WhiteElo "2495"]
[BlackElo "2280"]

1.d4 Nf6 2.c4 e6 3.Nf3 Bb4+ 4.Bd2 c5 5.Bxb4 cxb4 6.g3 b6 7.Bg2 Bb7 8.O-O O-O
9.Nbd2 d6 10.Qb3 a5 11.a3 Na6 12.Ne1 Bxg2 13.Nxg2 Qd7 14.Rfd1 Rfc8 15.e4 e5
16.Qd3 Qc6 17.Ne3 Re8 18.Nd5 Nd7 19.Nf3 bxa3 20.Rxa3 Rac8 21.Rc3 Nc7 22.Nxc7 Qxc7
23.dxe5 Nxe5 24.Nxe5 dxe5 25.Qc2 Re6 26.Rd5 h6 27.Qd1 Ree8 28.h4 Qe7 29.b3 Rc6
30.Rcd3 a4 31.Rd7 Qc5 32.Rf3 Rf8 33.Rd5 Qe7 34.Rf5 Qb4 35.bxa4 Rxc4 36.Rfxe5 Rxe4
37.Rxe4 Qxe4 38.Rb5 Ra8 39.Rxb6 Rxa4 40.Rb8+ Kh7  1/2-1/2

[Event "Copenhagen op"]
[Site "Copenhagen"]
[Date "1991.??.??"]
[Round "3"]
[White "Stokstad, Petter G"]
[Black "Renman, Nils Gustaf"]
[Result "0-1"]
[WhiteElo "2205"]
[BlackElo "2395"]

1.d4 Nf6 2.c4 e6 3.Nf3 Bb4+ 4.Bd2 c5 5.e3 b6 6.Bd3 Bb7 7.Bxb4 cxb4 8.Nbd2 O-O
9.O-O d6 10.Qc2 Nbd7 11.Ng5 h6 12.Nge4 Qe7 13.Rac1 Rac8 14.Qb3 a5 15.f4 d5
16.Nf2 Rc7 17.Qd1 Rfc8 18.Qe2 Ba6 19.b3 Bb7 20.e4 dxe4 21.Ndxe4 Rd8 22.Rcd1 Nxe4
23.Bxe4 Nf6 24.Bxb7 Rxb7 25.Rd3 Rbd7 26.Rfd1 Qd6 27.Qe5 Kf8 28.g4 Qc6 29.g5 Ng8
30.d5 exd5 31.Rxd5 Rxd5 32.cxd5 Qd7 33.Qe3 hxg5 34.fxg5 Qe7 35.Qf4 Qd6 36.Qxd6+ Rxd6
37.Ne4 Rd8 38.d6 f5 39.Nf2 Kf7 40.Rd5 Ke6 41.Rb5 Rxd6 42.h4 Ne7 43.h5 Nd5
44.Nd3 Rd8 45.Kf2 Kd6 46.Kf3 Kc6 47.Rxd5 Kxd5 48.h6 gxh6 49.Nf4+ Ke5 50.gxh6 Kf6
51.h7 Rh8 52.Nd5+ Kg5 53.Nxb6 Rxh7 54.Nc4 Rh3+ 55.Kg2 Rc3 56.Nxa5 Kg4 57.Kf1 Kf3
58.Nc4 Rc1+  0-1

[Event "Copenhagen op"]
[Site "Copenhagen"]
[Date "1991.??.??"]
[Round "5"]
[White "Danielsen, Henrik"]
[Black "Renman, Nils Gustaf"]
[Result "1/2-1/2"]
[WhiteElo "2375"]
[BlackElo "2395"]

1.d4 e6 2.Nf3 Nf6 3.c4 Bb4+ 4.Bd2 c5 5.Bxb4 cxb4 6.g3 O-O 7.Bg2 d6 8.O-O Re8
9.Nbd2 a5 10.Qc2 h6 11.c5 d5 12.Ne5 Nc6 13.Ndf3 Qc7 14.e3 Bd7 15.Rfc1 Rec8
16.a3 bxa3 17.bxa3 Nxe5 18.Nxe5 Bc6 19.Rab1 Nd7 20.Nxd7 Qxd7 21.Bf1 g6 22.Rb2 h5
23.f4 Kg7 24.Bd3 Ra7 25.Qe2 Rh8 26.Rcb1 Rc8 27.Kg2 Rc7 28.h3 Rc8 29.Kh2 Rh8
30.Rg1 Raa8 31.Qc2 Qe7 32.Qb1 Ra7 33.Rb6 Rc8 34.Qb2 Qf6 35.Rb1 Rc7 36.Qc3 Rc8
37.Kg2 Rc7 38.Bf1 Qf5 39.Be2 Qf6 40.Rh1 Rc8 41.Rbb1 Rh8 42.Qb2 Raa8 43.Qb6 Rhc8
44.Rhf1 Qe7 45.Qb2 Qf6 46.Qc3 Rh8 47.Rh1 Ra7 48.g4 hxg4 49.hxg4 Raa8 50.g5 Qf5
51.Kg3 Rh3+ 52.Rxh3 Qxb1 53.Bf3 Rh8 54.Rxh8 Kxh8 55.Kf2 Bb5 56.Bg2 a4 57.e4 Qa2+
58.Kg3 Qb3 59.Qf3 dxe4 60.Qxb3 axb3 61.Bxe4 Bc6 62.Bd3 e5 63.fxe5 Kg7 64.Kf4 b2
65.Bb1 Bd7 66.d5 Bf5 67.Ba2 Kf8 68.Ke3 Ke7 69.Kd4 b1=Q 70.Bxb1 Bxb1 71.a4 Kd7
72.c6+ bxc6 73.d6 Kc8 74.a5 c5+ 75.Kxc5 Be4  1/2-1/2